Programas eficaces para la primera infancia

Gorde:
Xehetasun bibliografikoak
Egile Nagusiak: Siraj-Blatchford, Iram (Egilea), Woodhead, Martin (Egilea)
Formatua: Liburua
Hizkuntza:gaztelania
Argitaratua: Buckingham The Open University 2009
Edizioa:1a. ed
Saila:La Primera Infancia en Perspectiva, 4
Gaiak:
Etiketak: Etiketa erantsi
Etiketarik gabe, Izan zaitez lehena erregistro honi etiketa jartzen!

MARC

LEADER 00000nam a2200000 a 4500
001 UCG1388
003 CL-VaPUC
008 100429e20090000UK |||||||||||||||||spa|d
020 |a 9780749229153 
082 0 4 |a 372.21  |b SIR  |2 21 
100 0 |a Siraj-Blatchford, Iram  |e author  |9 549330 
700 0 |a Woodhead, Martin  |e author  |9 549331 
245 1 0 |a Programas eficaces para la primera infancia 
250 |a 1a. ed 
300 |a 53 p 
942 |c BK 
945 |d 20100429 00:00:00  |a dcastane 
260 |a Buckingham  |b The Open University  |c 2009 
650 0 |a Educación preescolar  |9 260381 
650 0 |a Niños  |9 255605 
650 0 |a Métodos de enseñanza  |9 270413 
583 |a last modification  |c 20130326 09:07:15  |k Rodrigo Vera 
490 0 |a La Primera Infancia en Perspectiva, 4 
999 |c 340788  |d 340786 
952 |0 0  |1 0  |4 0  |6 372_210000000000000_SIR_2009  |7 0  |8 P  |9 435811  |a BIBEDU  |b BIBEDU  |c BIBEDU_PB  |d 2019-11-22  |i 4666747  |o 372.21 SIR 2009  |p 4666747  |r 2024-01-25  |w 2019-11-22  |y BK  |k PAR